00561nam a2200133Ia 4500008004100000100002300041245014700064245006700211260005300278260000900331300001100340650001500351856006100366170221s9999 xx 000 0 und d aLomendra Vencataya aAssessing the Impact of Supply Chain Management on Competitive Advantage and Operational Performance: A Case of Four Star Hotels of Mauritius  cLomendra Vencataya, Ashley Keshwar Seebaluck, Deveshika Doorga bInternational Review of Management and Marketing c2016 a6 : 4S xMarketing. uhttp://www.econjournals.com/index.php/irmm/issue/view/77